Islam through Western eyes: from the crusades to the war on terrorism (Record no. 11592)

000 -LEADER
fixed length control field 02042cam a2200289 a 4500
005 - DATE AND TIME OF LATEST TRANSACTION
control field 20170105102343.0
008 - FIXED-LENGTH DATA ELEMENTS--GENERAL INFORMATION
fixed length control field 110630s2012 nyu b 001 0 eng
020 ## - INTERNATIONAL STANDARD BOOK NUMBER
International Standard Book Number 9780231158947
020 ## - INTERNATIONAL STANDARD BOOK NUMBER
International Standard Book Number 9780231528146
040 ## - CATALOGING SOURCE
Original cataloging agency DLC
Transcribing agency DLC
082 00 - DEWEY DECIMAL CLASSIFICATION NUMBER
Classification number 303.482176701821
Edition number 23
100 1# - MAIN ENTRY--PERSONAL NAME
Personal name Lyons, Jonathan.
245 10 - TITLE STATEMENT
Title Islam through Western eyes: from the crusades to the war on terrorism
Remainder of title from the crusades to the war on terrorism
Statement of responsibility, etc. Jonathan Lyons
260 ## - PUBLICATION, DISTRIBUTION, ETC.
Place of publication, distribution, etc. New York :
Name of publisher, distributor, etc. Columbia University Press,
Date of publication, distribution, etc. c2012.
300 ## - PHYSICAL DESCRIPTION
Extent x, 260 p. ;
Dimensions 24 cm.
504 ## - BIBLIOGRAPHY, ETC. NOTE
Bibliography, etc. note Includes bibliographical references and index.
505 0# - FORMATTED CONTENTS NOTE
Formatted contents note War without end? -- Foucault's toolbox -- The Western idea of Islam -- Islam and science -- Islam and violence -- Islam and women -- What's wrong with us?.
520 ## - SUMMARY, ETC.
Summary, etc. "In Islam Through Western Eyes, Jonathan Lyons unpacks Western habits of thinking and writing about Islam, conducting a careful analysis of the West's grand totalizing narrative across one thousand years of history. He observes the discourse's corrosive effects on the social sciences, including sociology, politics, philosophy, theology, international relations, security studies, and human rights scholarship. He follows its influence on research, speeches, political strategy, and government policy, preventing the West from responding effectively to its most significant twenty-first-century challenges: the rise of Islamic power, the emergence of religious violence, and the growing tension between established social values and multicultural rights among Muslim immigrant populations."--Jacket.
650 #0 - SUBJECT ADDED ENTRY--TOPICAL TERM
Topical term or geographic name entry element Islam
Chronological subdivision 21st century.
650 #0 - SUBJECT ADDED ENTRY--TOPICAL TERM
Topical term or geographic name entry element Islam
General subdivision Public opinion.
650 #0 - SUBJECT ADDED ENTRY--TOPICAL TERM
Topical term or geographic name entry element Islamophobia
Geographic subdivision Europe.
650 #0 - SUBJECT ADDED ENTRY--TOPICAL TERM
Topical term or geographic name entry element East and West.
651 #0 - SUBJECT ADDED ENTRY--GEOGRAPHIC NAME
Geographic name Islamic countries
General subdivision Relations
Geographic subdivision Europe.
651 #0 - SUBJECT ADDED ENTRY--GEOGRAPHIC NAME
Geographic name Europe
General subdivision Relations
Geographic subdivision Islamic countries.
856 ## - ELECTRONIC LOCATION AND ACCESS
Uniform Resource Identifier <a href="http://bvbr.bib-bvb.de:8991/F?func=service&doc_library=BVB01&doc_number=024670802&line_number=0001&func_code=DB_RECORDS&service_type=MEDIA">http://bvbr.bib-bvb.de:8991/F?func=service&doc_library=BVB01&doc_number=024670802&line_number=0001&func_code=DB_RECORDS&service_type=MEDIA</a>
Public note Inhaltsverzeichnis
942 ## - ADDED ENTRY ELEMENTS (KOHA)
Source of classification or shelving scheme
Koha item type Book
Holdings
Withdrawn status Lost status Damaged status Not for loan Collection code Permanent Location Current Location Shelving location Date acquired Source of acquisition Cost, normal purchase price Total Checkouts Total Renewals Full call number Barcode Date last seen Date last checked out Price effective from Koha item type
          Central Library (CL) Central Library (CL) General Stacks 02/18/2013 Eagle Information Marketing 2706.83 3 4 303.482176701821LYO SEECS011974 10/21/2020 03/07/2020 02/18/2013 Book
© 2023 Central Library, National University of Sciences and Technology. All Rights Reserved.